LEADER 02519nam 22005775 450 001 996580161303316 005 20240130111714.0 010 $a3-8394-6448-X 024 7 $a10.1515/9783839464489 035 $a(CKB)30365702400041 035 $a(DE-B1597)634598 035 $a(DE-B1597)9783839464489 035 $a(EXLCZ)9930365702400041 100 $a20240130h20242023 fg 101 0 $ager 135 $aur||||||||||| 181 $ctxt$2rdacontent 182 $cc$2rdamedia 183 $acr$2rdacarrier 200 00$aDiversität und Darstellung $eZugehörigkeit und Ausgrenzung im Literaturmuseum und in der Literaturwissenschaft /$fhrsg. von Magdalena Hülscher, Sebastian Schönbeck 210 1$aBielefeld : $ctranscript Verlag, $d[2024] 210 4$d2023 215 $a1 online resource (320 p.) 225 0 $aEdition Museum ;$v68 330 $aDie Analyse und Vermittlung von literarischen Texten des frühen 19. Jahrhunderts birgt Potenziale im Hinblick auf den Umgang mit Diversität, Zugehörigkeit und Ausgrenzung. Die Beiträger*innen fragen danach, wie kulturelle Vielfalt in der musealen sowie der literaturwissenschaftlichen Praxis zu kritischen Reflexionen und zu neuen Perspektiven auf kanonisierte Gegenstände führt. Im Zentrum steht dabei das Interesse an den Optionen der Darstellung von Diversität im Literaturmuseum und in der Literaturwissenschaft. Der Band führt theoretische und praktische Zugriffe zusammen und arbeitet somit auch an einer methodisch-theoretischen Vielfalt. 606 $aLITERARY CRITICISM / General$2bisacsh 610 $aBelonging. 610 $aCanon. 610 $aCurating. 610 $aExclusion. 610 $aExhibition. 610 $aLiterary Museum. 610 $aLiterary Studies. 610 $aLiterature. 610 $aMuseum Education. 610 $aMuseum. 610 $aPostcolonialism. 610 $aPractical Museography. 610 $aPresentation. 610 $aRomanticism. 610 $aTheory of Literature. 615 7$aLITERARY CRITICISM / General. 702 $aHülscher$b Magdalena, $4edt$4http://id.loc.gov/vocabulary/relators/edt 702 $aSchönbeck$b Sebastian, $4edt$4http://id.loc.gov/vocabulary/relators/edt 712 02$a360ø Fonds für Kulturen der neuen Stadtgesellschaft$4fnd$4http://id.loc.gov/vocabulary/relators/fnd 801 0$bDE-B1597 801 1$bDE-B1597 906 $aBOOK 912 $a996580161303316 996 $aDiversität und Darstellung$93907448 997 $aUNISA LEADER 03230nam 2200661Ia 450 001 9910967965603321 005 20251116214622.0 010 $a1-134-63710-1 010 $a0-203-97955-9 010 $a1-134-63711-X 010 $a1-280-15121-8 024 7 $a10.4324/9780203979556 035 $a(CKB)1000000000456470 035 $a(EBL)235088 035 $a(OCoLC)466448945 035 $a(SSID)ssj0000114635 035 $a(PQKBManifestationID)11887329 035 $a(PQKBTitleCode)TC0000114635 035 $a(PQKBWorkID)10125393 035 $a(PQKB)10281104 035 $a(MiAaPQ)EBC235088 035 $a(Au-PeEL)EBL235088 035 $a(CaPaEBR)ebr10100573 035 $a(CaONFJC)MIL15121 035 $a(OCoLC)71348485 035 $a(OCoLC)71348485 035 $a(EXLCZ)991000000000456470 100 $a19990720d2000 uy 0 101 0 $aeng 135 $aur|n|---||||| 181 $ctxt 182 $cc 183 $acr 200 00$aBrecht sourcebook /$fedited by Carol Martin and Henry Bial 205 $a1st ed. 210 $aLondon ;$aNew York $cRoutledge$d2000 215 $a1 online resource (259 p.) 225 1 $aWorlds of performance 300 $aDescription based upon print version of record. 311 08$a0-415-20043-1 311 08$a0-415-20042-3 320 $aIncludes bibliographical references and index. 327 $aPreliminaries; CONTENTS; Acknowledgements; Contributors; 1 On Chinese Acting; 2 Theatre for Learning; 3 An Epic Theatre Catechism; 4 Are Stanislavsky and Brecht Commensurable?; 5 Brecht's Concept of Gestus and the American Performance Tradion; 6 Beyond Bourgeois Theatre; 7 Gestus in Music; 8 Composing for BB; 9 Actors on Brecht: The Munich Years; 10 Bertolt Brecht's J.B.; 11 Baden Lehrstu?ck; 12 The Beggar or The Dead Dog; 13 The Dialectics of Galileo; 14 The Dispute Over the Valley; 15 Prologue to The Caucasian Chalk Circle; 16 Brecht and the English Theatre; 17 The Death of Mother Courage 327 $a18 Brecht and Chicano Theatre19 Brecht and Latin America's "Theatre of Revolution"; 20 Political Displacements; 21 The Actor's Involvement; 22 Brechtian Theory and American Feminist Theatre; 23 Brecht, Feminism, and Chinese Theatre; Index 330 $aBertolt Brecht is one of the most prolific and influential writer-directors of the twentieth century. This fascinating anthology brings together in one volume many of the most important articles written about Brecht between 1957 and 1997. The collection explores a wide range of viewpoints about Brecht's theatre theories and practice, as well as including three plays not otherwise available in English: The Beggar or The Dead Dog, Baden Lehrstuck and The Seven Deadly Sins of the Lower Middle Class. Editors Martin and Bial have brought together a unique compendium which cove 410 0$aWorlds of performance. 606 $aGerman literature 615 0$aGerman literature. 676 $a832/.912 701 $aMartin$b Carol J$01019980 701 $aBial$b Henry$f1970-$0790554 801 0$bMiAaPQ 801 1$bMiAaPQ 801 2$bMiAaPQ 906 $aBOOK 912 $a9910967965603321 996 $aBrecht sourcebook$94539571 997 $aUNINA